000 00653nam a2200193Ia 4500
003 GCL
008 140319s9999 xx 000 0 ara d
040 _aGCL /
_cGCL
082 0 4 _a001.6424
_bش ك
100 1 _aشهيد عبدالحميد عمر الامين
245 1 0 _aكل مايحتاجه المبرمجون بلغة البيسك للبرمجة /
_cشهيد عبدالحميد عمر الامين
260 _a[S.N] :
_bفالكون للدعاية والاعلان ،
_c1992
300 _a170 ص
490 _a
650 0 4 _aالحاسبات الالكترونية
650 0 4 _aباسيك
650 0 4 _aالبرامج
942 _2ddc
_cBK
999 _c54138
_d54138